Datum a čas kvízu

20.5 Celkem bodů Celkový počet nahraných bodů na tomto kvízu bez doplňovacích otázek.
12. Pořadí na kvízu Konečné umístění týmu na tomto kvízu.

Zaznamenané odpovědi

# Otázka Odpověď Body Výsledky
1. V Olomouci se objevil případ m... na sušáku na prádlo (na klepači na koberce) 1
2. Který významný den jsme mohli... B 0
3. Jak si říká anglický zpěvák, k... Yungblud 1
4. Která společnost se umístila n... Apple 1
5. Půl bodu získáte za jméno vítě... Kalle Rovanperä, finská 0
6. Asijská poušť Karakum, uprostř... Turkmenistán 1
7. Uveďte, kterým čtyřpísmenným p... vádí 1
8. Vyberte, se kterým živočichem... B 1
9. Vojáci Československého pěšího... Tobruk 1
10. Britský umělec Gordon Sumner s... Sting 0